Statystyki dla Wielki quiz gier

Kliknij tutaj aby rozwiązać quiz!

Ogólne statystyki

  • Ten quiz został rozwiązany 14,290 razy
  • Średni wynik to 6 z 11

Statystyki odpowiedzi

opis gra % Correct
Jesteś kwadratowym ludzikiem który jest bardzo silny. Budujesz domki oraz szukasz diamentów oraz zabijasz moobyMinecraft
100%
Wcielasz się w role anty terrorysty lub terrorysty i walczysz o zwycięstwo wraz ze swoimi 4 kolegami.Counter Strike
91%
Jeździsz samochodem po mapie i próbujesz strzelić gola oraz sam unikasz straty gola.Rocket League
75%
Rozbiłeś się samolotem na ,,bezludnej'' wyspie lecz odkrywasz że nie jesteś tu sam. Musisz zbudować dom oraz przetrwać.The Forest
72%
Możesz w niej robić wszystko co chcesz. Jest wiele trybów oraz rzeczy do przejścia i zrobienia. Jej graczem jest między innymi youtuber Bladii.Garry's mod
62%
Budzisz się na kładce drewnianej na środku Oceanu. Wokół Ciebie krąży rekin który chce ci zniszczyć tratwę. Musisz ją rozbudować oraz nie zginąćRaft
53%
Jesteś menelem który posiada wiele umiejętności które zdobywa z czasem. Podróżujesz po mieście bijąc innych ludzi. Twoją popularną umiejętnością jest rzyganie na kilometr.Hobo
41%
Musisz naprawić 5 silników wraz ze swoimi 3 kolegami i uciekać przed mordercą.Dead by Daylight
40%
Ulepszasz swoją postać by stała się najlepsza na serwerze. Twoja postać lubi jeść oponki. Nie inwestuj za dużo w siłę bo źle ci to wyjdzie. Ulepszaj swoją drużynę.Hero Zero
30%
Masz do wyboru kilka postaci którymi musisz próbować zniszczyć drużynę przeciwnika. Jest wiele trybów do gry.Paladins
15%
Masz do wyboru kilka legend które zmieniają się co tydzień. Jednak dzięki monetom możesz kupić je wszystkie. Jest kilka rodzai broni jednak podczas gry twoim celem jest pokonanie przeciwnika swoją postacią po przez wyrzucenie go za mapę.Brawlhalla
7%

Rozkład punktacji

Percentyl według liczby udzielonych odpowiedzi

Procent ludzi z każdym wynikiem

Twoja historia wyników

Nie rozwiązałeś tego quizu